Au-dela de la culture

Αποθηκεύτηκε σε:
Λεπτομέρειες βιβλιογραφικής εγγραφής
Κύριος συγγραφέας: Hall, Edward T. (Edward Twitchell), 1914-2009
Μορφή: Βιβλίο
Γλώσσα:French
English
Δημοσίευση: Paris : Seuil, 1987.
Σειρά:Points. Sciences humaines ; 191
Θέματα:
Ετικέτες: Προσθήκη ετικέτας
Δεν υπάρχουν, Καταχωρήστε ετικέτα πρώτοι!

MARC

LEADER 00000cam a2200000 i 4500
001 1/850
008 950705s1987 fr | ||| |||| ||fre||
020 |a 2020098121 
035 |l 10014226 
040 |a GR-MyUa  |b gre  |e AACR2 
041 1 |a fre  |h eng 
082 7 |a 306   |2 (22) 
100 1 |a Hall, Edward T.   |q (Edward Twitchell),   |d 1914-2009. 
245 1 0 |a Au-dela de la culture /   |c Edward T. Hall ; traduit de l'americain par Marie-Helene Hatchuel avec le concours de Florence Graeve.  
260 |a Paris :   |b Seuil,   |c 1987.  
300 |a 233 σ. ;   |c 18 εκ. 
490 1 |a (Points. Sciences humaines ;   |v 191)  
650 0 0 |a Intercultural communication. 
650 0 0 |a Cultural lag. 
650 0 0 |a Social evolution. 
650 0 0 |a Personality and culture. 
765 0 8 |i Μετάφραση του:   |t Beyond culture /  
830 0 |a Points.   |p Sciences humaines ;  |v 191 
852 |a INST  |b LESVOS  |e 19950705  |h 306 HAL  |p 005100008016  |q 005100008016  |t BK  |y 0 
922 |a 1ΔΩΡ  |b 198910